[Event "XVII Navalmoral Open"]
[Site "Navalmoral de la Mata ESP"]
[Date "2011.12.05"]
[Round "5"]
[White "Sanikidze,T"]
[Black "Guliyev,N"]
[Result "1/2-1/2"]
[WhiteTitle "GM"]
[BlackTitle "GM"]
[WhiteElo "2531"]
[BlackElo "2549"]
[WhiteFideId "13602608"]
[BlackFideId "13400363"]
[EventDate "2011.12.03"]

1. d4 d5 2. Nf3 Nf6 3. c4 dxc4 4. e3 e6 5. Bxc4 a6 6. Qe2 c5 7. dxc5 Bxc5 8. O-O
Nc6 9. e4 b5 10. Bb3 Nd4 11. Nxd4 Qxd4 12. Be3 Qe5 13. Bxc5 Qxc5 14. Nc3 Bb7 15.
Rad1 O-O 16. e5 Qc6 17. f4 Ne4 18. Nxe4 Qxe4 19. Qxe4 Bxe4 20. Rd4 Bf5 21. Kf2
Rac8 22. Ke3 h6 23. Bd1 g5 24. g3 Rc1 25. Be2 Rc2 26. Rd2 Rfc8 27. Rfd1 Kg7 28.
Rxc2 Rxc2 29. Rd2 Rc5 30. h4 gxh4 31. gxh4 a5 32. a3 b4 33. axb4 axb4 34. Rd4 b3
35. Rb4 Rc1 36. Rxb3 Rh1 37. Rc3 Rh3+ 38. Bf3 Bg4 39. Ke4 Bf5+ 40. Ke3 Bg4 41.
Ke4 Bf5+ 42. Kd4 Rxh4 43. b4 Rxf4+ 44. Kc5 Be4 45. Bxe4 Rxe4 46. b5 Rxe5+ 47.
Kc6 Rd5 48. b6 Rd8 49. Kc7 Re8 50. Rd3 e5 51. b7 e4 52. Rd8 Re7+ 53. Rd7 Re8 54.
Rd8 Re7+ 55. Rd7 Re8 56. Rd8 Re7+ 57. Kc6 Rxb7 58. Kxb7 Kf6 59. Kc6 Ke5 60. Kc5
f5 61. Re8+ Kf4 62. Kd4 Kf3 63. Re5 f4 64. Rxe4 h5 65. Re8 h4 66. Rh8 Ke2 67.
Ke4 f3 68. Ra8 f2 69. Ra2+ Ke1 70. Ke3 f1=N+ 71. Kf3 Nd2+ 72. Kg4 Ke2 73. Kxh4
Ke3 74. Kg3 Nc4 75. Ra8 Ke4 76. Ra4 Kd3 77. Kf3 Kd4 78. Ke2 Kc3 79. Ra7 Kd4 80.
Rh7 Kd5 81. Kd3 Ne5+ 82. Ke3 Nc4+ 83. Kf4 Nd6 1/2-1/2

[Event "XVII Navalmoral Open"]
[Site "Navalmoral de la Mata ESP"]
[Date "2011.12.05"]
[Round "5"]
[White "Fier,A"]
[Black "Figuero Toro,J"]
[Result "1-0"]
[WhiteTitle "GM"]
[WhiteElo "2573"]
[BlackElo "2236"]
[WhiteFideId "2107139"]
[BlackFideId "2210347"]
[EventDate "2011.12.03"]

1. e4 c5 2. Nf3 Nc6 3. d4 cxd4 4. Nxd4 g6 5. Nc3 Bg7 6. Be3 Nf6 7. Bc4 d6 8. f3
Qb6 9. Nf5 Qxb2 10. Nxg7+ Kf8 11. Nd5 Nxd5 12. Bxd5 Kxg7 13. O-O Qc3 14. Qc1 h5
15. Rd1 f6 16. Rb1 h4 17. h3 Ne5 18. Bd4 Qc7 19. Qe3 Nc6 20. Bb2 Bd7 21. f4 Rh5
22. Kh1 a5 23. a3 a4 24. Bc3 Rc8 25. Be1 e6 26. Bc4 Nd8 27. Be2 Rh8 28. Bb4 Nf7
29. Rd2 Bc6 30. Bg4 Rce8 31. c4 d5 32. e5 f5 33. Be2 dxc4 34. Bd6 Qc8 35. Bxc4
g5 36. fxg5 Rh5 37. Bf1 Rxg5 38. Qf4 Rh8 39. Be7 Kg6 40. Bxg5 Nxg5 41. Kh2 Bd5
42. Rxd5 exd5 43. Rb6+ Ne6 44. Bd3 Rh5 45. Qg4+ 1-0

[Event "XVII Navalmoral Open"]
[Site "Navalmoral de la Mata ESP"]
[Date "2011.12.05"]
[Round "5"]
[White "Campora,D"]
[Black "Garcia Ortega Mendez,J"]
[Result "1/2-1/2"]
[WhiteTitle "GM"]
[BlackTitle "FM"]
[WhiteElo "2493"]
[BlackElo "2357"]
[WhiteFideId "100013"]
[BlackFideId "2280361"]
[EventDate "2011.12.03"]

1. e4 c5 2. Nf3 g6 3. c3 Bg7 4. d4 cxd4 5. cxd4 d5 6. e5 Nc6 7. Nc3 Bg4 8. Bb5
Rc8 9. O-O e6 10. h3 Bxf3 11. Qxf3 Ne7 12. Bg5 O-O 13. Rad1 Qb6 14. Qd3 Nf5 15.
Bxc6 Rxc6 16. g4 Qxb2 17. Na4 Qxd4 18. Qxd4 Nxd4 19. Rxd4 Bxe5 20. Rb4 b6 21.
Nb2 Kg7 22. Nd3 Bd6 23. Rb2 Rfc8 24. Be3 Rc4 25. f4 f6 26. g5 Re4 27. gxf6+ Kxf6
28. Nf2 Rec4 29. Ng4+ Ke7 30. Kg2 Rc2+ 31. Rxc2 Rxc2+ 32. Rf2 Rc4 33. Kf3 Bc5
34. Bxc5+ Rxc5 35. Re2 b5 36. Ne5 a5 37. Ke3 Rc3+ 38. Kd4 b4 39. Re3 Rc2 40. a3
Kf6 41. axb4 axb4 42. Rb3 Re2 43. Rxb4 Re4+ 44. Kc3 Rxb4 45. Kxb4 Kf5 46. Nd3
Ke4 47. Kc3 Ke3 48. h4 h6 49. Ne5 Kxf4 50. Nxg6+ Kf5 51. h5 Kg5 52. Kd4 Kxh5 53.
Nf4+ Kg4 54. Nxe6 h5 55. Ke3 Kg3 56. Nf4 d4+ 57. Ke4 h4 58. Ne2+ Kg2 59. Nxd4 h3
60. Nf3 1/2-1/2

[Event "XVII Navalmoral Open"]
[Site "Navalmoral de la Mata ESP"]
[Date "2011.12.06"]
[Round "6"]
[White "Korneev,O"]
[Black "Teske,H"]
[Result "1/2-1/2"]
[WhiteTitle "GM"]
[BlackTitle "GM"]
[WhiteElo "2608"]
[BlackElo "2538"]
[WhiteFideId "4156803"]
[BlackFideId "4611500"]
[EventDate "2011.12.03"]

1. e4 e5 2. Nf3 Nf6 3. d4 Nxe4 4. Bd3 Nc6 5. dxe5 d5 6. exd6 Nxd6 7. Nc3 Be7 8.
O-O Be6 9. Ne4 h6 10. Bf4 O-O 11. Nc5 Bc8 12. c3 b6 13. Ne4 Bb7 14. Re1 Re8 15.
Nxd6 Bxd6 16. Rxe8+ Qxe8 17. Bxd6 cxd6 18. Bb5 a6 19. Bxc6 Qxc6 20. Qf1 Re8 21.
Nd4 Qd5 22. a3 b5 23. f3 Qe5 24. Qf2 Bd5 25. Rd1 Bc4 26. Qd2 Qc5 27. Re1 Re5 28.
f4 Rxe1+ 29. Qxe1 a5 30. Qe8+ Kh7 31. Qe4+ g6 32. f5 a4 33. fxg6+ fxg6 34. Qe7+
Kg8 35. Kf2 Qd5 36. Kg3 Bf1 37. Qe8+ Kh7 38. Qd7+ Kg8 39. Qc8+ Kh7 40. Qc7+ Kg8
41. Qd8+ Kh7 42. Qd7+ Kg8 43. Qe8+ Kh7 44. Nf3 Bc4 45. Qe7+ Kg8 46. h4 Kh8 47.
Qf8+ Kh7 48. Qf6 Bd3 49. Kf2 Be4 50. Nd4 Bxg2 51. Qe7+ Kg8 52. Qe8+ Kg7 53. Ne6+
Kf6 54. Nd4 Kg7 55. Qd7+ Kg8 56. Qxb5 Qb7 57. Kg3 Bh1 58. Qxb7 Bxb7 59. Nb5 d5
60. Kf4 Kg7 61. Ke5 g5 62. hxg5 hxg5 63. Kf5 Kh6 64. Nd6 d4 65. cxd4 Bd5 66. Ke5
Bb3 67. d5 Kg6 68. Nf5 Kf7 69. d6 Ke8 70. Nd4 Kd7 71. Nxb3 axb3 72. Kf5 Kxd6 73.
Kxg5 Kc5 74. Kf4 Kd4 75. a4 Kc4 76. Ke4 Kb4 77. Kd4 Kxa4 78. Kc3 Ka5 79. Kxb3
Kb5 80. Ka3 Ka5 81. b4+ Kb5 82. Kb3 Kc6 83. Kc4 Kb6 84. b5 Kc7 85. Kc5 Kb7 86.
b6 Kb8 87. Kb5 Kb7 88. Ka5 Kb8 89. Ka6 Ka8 90. b7+ Kb8 91. Kb6 1/2-1/2

[Event "XVII Navalmoral Open"]
[Site "Navalmoral de la Mata ESP"]
[Date "2011.12.06"]
[Round "6"]
[White "Peralta,Fe"]
[Black "Sanikidze,T"]
[Result "1/2-1/2"]
[WhiteTitle "GM"]
[BlackTitle "GM"]
[WhiteElo "2590"]
[BlackElo "2531"]
[WhiteFideId "105309"]
[BlackFideId "13602608"]
[EventDate "2011.12.03"]

1. d4 d6 2. Nf3 g6 3. c4 Bg7 4. Nc3 Bg4 5. e3 Nf6 6. Be2 O-O 7. O-O Re8 8. h3
Bf5 9. d5 e5 10. dxe6 Bxe6 11. e4 Na6 12. Bg5 h6 13. Be3 Bd7 14. Nd2 Bc6 15. Qc2
Nc5 16. Bf3 1/2-1/2

[Event "XVII Navalmoral Open"]
[Site "Navalmoral de la Mata ESP"]
[Date "2011.12.06"]
[Round "6"]
[White "Khamrakulov,I"]
[Black "Fier,A"]
[Result "1/2-1/2"]
[WhiteTitle "GM"]
[BlackTitle "GM"]
[WhiteElo "2518"]
[BlackElo "2573"]
[WhiteFideId "14200295"]
[BlackFideId "2107139"]
[EventDate "2011.12.03"]

1. e4 c6 2. d4 d5 3. exd5 cxd5 4. c4 Nf6 5. Nc3 Nc6 6. Nf3 g6 7. cxd5 Nxd5 8.
Qb3 Nxc3 9. Bc4 Nd5 10. Bxd5 e6 11. Bxc6+ bxc6 12. O-O Qd5 13. Qc3 Be7 14. Bh6
f6 15. Qe3 Bd7 16. h4 Rb8 17. Qf4 Rc8 18. Rac1 Qf5 19. Qe3 Kf7 20. Rc4 c5 21.
Rfc1 cxd4 22. Qxd4 Rxc4 23. Rxc4 Rc8 24. Rxc8 Bxc8 25. Qxa7 Qb1+ 26. Kh2 Qxb2
27. Be3 Qb7 28. a4 Qd5 29. Qd4 Qc6 30. a5 Bb7 31. Qb6 Qd5 32. Qc7 Ke8 33. Qb8+
Kd7 34. Bf4 e5 35. Bg3 Bd8 36. h5 gxh5 37. Nh4 Bxa5 38. Qf8 Qe6 39. Qg7+ Qe7 40.
Qg8 Kc7 41. Nf5 Qd7 42. Ng7 Kb6 43. Nxh5 Qf5 44. Qf7 Ka7 45. f3 Bb6 46. Nxf6 Qb1
47. Qxh7 Qxh7+ 48. Nxh7 e4 1/2-1/2

[Event "XVII Navalmoral Open"]
[Site "Navalmoral de la Mata ESP"]
[Date "2011.12.06"]
[Round "6"]
[White "Koziak,V"]
[Black "Perez Candelario,Man"]
[Result "1-0"]
[WhiteTitle "IM"]
[BlackTitle "GM"]
[WhiteElo "2494"]
[BlackElo "2558"]
[WhiteFideId "14102234"]
[BlackFideId "2210622"]
[EventDate "2011.12.03"]

1. d4 Nf6 2. c4 g6 3. Nc3 Bg7 4. e4 d6 5. f3 O-O 6. Be3 e5 7. d5 Nh5 8. Qd2 f5
9. O-O-O a6 10. Kb1 Nd7 11. Bd3 Nf4 12. Bc2 b5 13. cxb5 Nb6 14. Bxb6 cxb6 15.
bxa6 Bxa6 16. g3 Nh5 17. Bd3 Bc8 18. Nge2 fxe4 19. Bxe4 Bd7 20. Nc1 Bf6 21. Nd3
Bg5 22. Qc2 Ng7 23. g4 Qf6 24. Nb4 Ne8 25. Nc6 Nc7 26. Qf2 b5 27. h4 Bf4 28. Qb6
Na6 29. Nxb5 Nc5 30. g5 Qg7 31. Nxd6 Be3 32. Nc4 Bf2 33. Qc7 Rxf3 34. Nb6 Rf7
35. Qxe5 Qf8 36. Nxd7 Nxd7 37. Qc3 Rf4 38. Bc2 Bxh4 39. d6 h6 40. Ne7+ 1-0

[Event "XVII Navalmoral Open"]
[Site "Navalmoral de la Mata ESP"]
[Date "2011.12.06"]
[Round "6"]
[White "Guliyev,N"]
[Black "Mirzoev,A"]
[Result "1/2-1/2"]
[WhiteTitle "GM"]
[BlackTitle "GM"]
[WhiteElo "2549"]
[BlackElo "2510"]
[WhiteFideId "13400363"]
[BlackFideId "13400304"]
[EventDate "2011.12.03"]

1. e4 e5 2. Nf3 Nc6 3. Bb5 Nf6 4. O-O Nxe4 5. Re1 Nd6 6. Nxe5 Be7 7. Bf1 Nf5 8.
Nf3 O-O 9. d4 d5 10. Bf4 Bd6 11. Bxd6 Nxd6 12. Nbd2 Re8 13. c3 Rxe1 14. Nxe1 Ne7
15. Nc2 c6 16. Qf3 Bf5 17. Ne3 Bg6 18. h4 h6 19. h5 Bh7 20. Qf4 Ne4 21. Nxe4
Bxe4 22. f3 Bh7 23. Re1 Qb8 24. Qxb8+ Rxb8 25. g4 Kf8 26. Kf2 Re8 27. b3 Nc8 28.
c4 dxc4 29. bxc4 Rd8 30. Rd1 Nb6 31. c5 Na4 32. Bc4 b6 33. d5 Nc3 34. Rc1 cxd5
35. Rxc3 dxc4 36. c6 Rc8 37. Rxc4 Ke7 38. Rc3 Bb1 39. a4 Kd6 40. Ke2 Rc7 41. Kd2
Bh7 42. Rc1 f6 43. Nd1 f5 44. gxf5 Bxf5 45. a5 g6 46. axb6 axb6 47. hxg6 Bxg6
48. Ne3 Be8 49. Ng4 Bxc6 50. Nxh6 Rc8 51. Ke3 Bd7 52. Rxc8 1/2-1/2

[Event "XVII Navalmoral Open"]
[Site "Navalmoral de la Mata ESP"]
[Date "2011.12.06"]
[Round "6"]
[White "Del Rio de Angelis,S"]
[Black "Torres Ventosa,P"]
[Result "1-0"]
[WhiteTitle "GM"]
[BlackTitle "FM"]
[WhiteElo "2534"]
[BlackElo "2303"]
[WhiteFideId "2203138"]
[BlackFideId "2280663"]
[EventDate "2011.12.03"]

1. d4 Nf6 2. c4 g6 3. Nc3 d5 4. Nf3 Bg7 5. e3 O-O 6. cxd5 Nxd5 7. Bc4 Nb6 8. Bb3
Nc6 9. O-O Bf5 10. a4 a5 11. d5 Nb4 12. e4 Bg4 13. Be3 Nd7 14. h3 Bxf3 15. Qxf3
c6 16. Rfd1 Rc8 17. dxc6 bxc6 18. Rd2 Qc7 19. Rad1 Rcd8 20. Bf4 Qb7 21. Qg3 Na6
22. Ba2 Nac5 23. e5 e6 24. Bg5 Rde8 25. Qe3 h6 26. Bxh6 Bxh6 27. Qxh6 Nxe5 28.
Rd4 f5 29. f4 Nf7 30. Qxg6+ Kh8 31. Qh5+ Kg7 32. Qe2 Rh8 33. Qf2 Rb8 34. Rc4 Nd7
35. Qg3+ Kf6 36. Qe3 Nb6 37. Rc5 Nd5 38. Bxd5 exd5 39. Rxa5 Qb6 40. Qxb6 Rxb6
41. Rdxd5 Rxb2 42. Rxf5+ Ke6 43. Ne4 Rh6 44. Rfc5 Nd8 45. Ra7 1-0

[Event "XVII Navalmoral Open"]
[Site "Navalmoral de la Mata ESP"]
[Date "2011.12.06"]
[Round "6"]
[White "Perez Mitjans,O"]
[Black "Gallardo Fernandez,C"]
[Result "1-0"]
[WhiteTitle "IM"]
[WhiteElo "2457"]
[BlackElo "2190"]
[WhiteFideId "3502856"]
[BlackFideId "2225280"]
[EventDate "2011.12.03"]

1. e4 e5 2. d4 d6 3. Nf3 Nf6 4. dxe5 Nxe4 5. Bc4 c6 6. Nbd2 Nxd2 7. Bxd2 d5 8.
Bd3 Bg4 9. h3 Bh5 10. Qe2 Be7 11. g4 Bg6 12. e6 Bxd3 13. exf7+ Kf8 14. cxd3 c5
15. O-O-O Nc6 16. Rde1 Bf6 17. g5 Bd4 18. Qe6 Qe7 19. Nxd4 cxd4 20. Bb4 1-0

[Event "XVII Navalmoral Open"]
[Site "Navalmoral de la Mata ESP"]
[Date "2011.12.06"]
[Round "6"]
[White "Figuero Toro,J"]
[Black "Campora,D"]
[Result "1/2-1/2"]
[BlackTitle "GM"]
[WhiteElo "2236"]
[BlackElo "2493"]
[WhiteFideId "2210347"]
[BlackFideId "100013"]
[EventDate "2011.12.03"]

1. e4 e5 2. Nf3 Nc6 3. d4 exd4 4. Bc4 Nf6 5. e5 d5 6. Bb5 Ne4 7. Nxd4 Bd7 8.
Bxc6 bxc6 9. O-O Be7 10. f3 Nc5 11. f4 f5 12. Nc3 O-O 13. Be3 Qb8 14. Rb1 a5 15.
g4 Qb7 16. g5 a4 17. Qd2 Rfb8 18. b4 axb3 19. axb3 g6 20. b4 Ne6 21. Nce2 Ng7
22. c3 Qa6 23. Nb3 Qc4 24. Na5 Qa6 25. Nb3 Qc4 26. Na5 Qa6 1/2-1/2

[Event "XVII Navalmoral Open"]
[Site "Navalmoral de la Mata ESP"]
[Date "2011.12.06"]
[Round "7"]
[White "Koziak,V"]
[Black "Del Rio de Angelis,S"]
[Result "1/2-1/2"]
[WhiteTitle "IM"]
[BlackTitle "GM"]
[WhiteElo "2494"]
[BlackElo "2534"]
[WhiteFideId "14102234"]
[BlackFideId "2203138"]
[EventDate "2011.12.03"]

1. c4 d6 2. d4 e5 3. Nf3 e4 4. Nfd2 f5 5. Nc3 Nf6 6. e3 c6 7. f4 exf3 8. Nxf3 g6
9. Bd3 Bg7 10. O-O O-O 11. e4 fxe4 12. Nxe4 Nxe4 13. Bxe4 Nd7 14. Bd2 Nb6 15.
Bg5 Qe8 16. Re1 Qf7 17. c5 dxc5 18. dxc5 Nd5 19. Bxd5 Qxd5 20. Qxd5+ cxd5 21.
Rad1 Bxb2 22. Rxd5 Bg4 23. Rb1 Ba3 24. Rxb7 Rxf3 25. gxf3 Bxf3 26. Rbd7 Bxd5 27.
Rxd5 Rc8 28. Be3 Kf7 29. Rd7+ Ke6 30. Rxh7 a5 31. Rg7 Kf6 32. Bd4+ Kf5 33. Ra7
Rxc5 34. Rf7+ Ke6 35. Rf6+ Ke7 36. Rxg6 Rc1+ 37. Kg2 Rc2+ 38. Kf3 Rxa2 39. Rg2 1/2-1/2

[Event "XVII Navalmoral Open"]
[Site "Navalmoral de la Mata ESP"]
[Date "2011.12.06"]
[Round "7"]
[White "Mirzoev,A"]
[Black "Peralta,Fe"]
[Result "0-1"]
[WhiteTitle "GM"]
[BlackTitle "GM"]
[WhiteElo "2510"]
[BlackElo "2590"]
[WhiteFideId "13400304"]
[BlackFideId "105309"]
[EventDate "2011.12.03"]

1. d4 d5 2. c4 e6 3. Nf3 Nf6 4. Nc3 Bb4 5. Qa4+ Nc6 6. cxd5 exd5 7. Bg5 h6 8.
Bxf6 Qxf6 9. e3 O-O 10. Be2 Be6 11. O-O a6 12. a3 Bd6 13. b4 Ne7 14. Qb3 c6 15.
Rfc1 g5 16. g3 g4 17. Ne1 h5 18. Qd1 Nf5 19. Ng2 Rae8 20. Na4 Kg7 21. Nc5 Bc8
22. Nd3 Rh8 23. Ndf4 Bxf4 24. Nxf4 h4 25. Bf1 hxg3 26. hxg3 Nxg3 27. fxg3 Rxe3
28. Bg2 Rxg3 29. Qd2 Qh6 30. Ra2 Qh4 31. Kf2 Rf3+ 0-1

[Event "XVII Navalmoral Open"]
[Site "Navalmoral de la Mata ESP"]
[Date "2011.12.06"]
[Round "7"]
[White "Fier,A"]
[Black "Perez Mitjans,O"]
[Result "0-1"]
[WhiteTitle "GM"]
[BlackTitle "IM"]
[WhiteElo "2573"]
[BlackElo "2457"]
[WhiteFideId "2107139"]
[BlackFideId "3502856"]
[EventDate "2011.12.03"]

1. e4 c5 2. Nf3 g6 3. d4 cxd4 4. Nxd4 Bg7 5. Nc3 Nc6 6. Be3 d6 7. Qd2 Nf6 8. f3
O-O 9. Bc4 Nd7 10. O-O-O Nb6 11. Be2 Nxd4 12. Bxd4 Bxd4 13. Qxd4 Be6 14. h4 Rc8
15. h5 Qc7 16. Kb1 g5 17. Qd2 Qc5 18. h6 Kh8 19. Rh5 f6 20. f4 Bf7 21. Rh3 gxf4
22. Qxf4 Rg8 23. Qf1 Qg5 24. g4 Nc4 25. Qg1 Qc5 26. Bxc4 Qxg1 27. Rxg1 Rxc4 28.
Kc1 Be6 29. Kd2 Rg6 30. Rh4 Kg8 31. Ke3 Kf7 32. Kf3 Rg5 33. Rg2 b5 34. a3 a5 35.
Re2 b4 36. axb4 axb4 37. Nd1 d5 38. Nf2 dxe4+ 39. Ke3 Rgc5 40. Nxe4 Re5 41. Kd3
Rc8 42. b3 Bd7 43. Rf2 Bc6 44. g5 Rd8+ 45. Ke3 f5 0-1

[Event "XVII Navalmoral Open"]
[Site "Navalmoral de la Mata ESP"]
[Date "2011.12.06"]
[Round "7"]
[White "Perez Candelario,Man"]
[Black "Villegas,P"]
[Result "1-0"]
[WhiteTitle "GM"]
[WhiteElo "2558"]
[BlackElo "2249"]
[WhiteFideId "2210622"]
[BlackFideId "654183"]
[EventDate "2011.12.03"]

1. d4 Nf6 2. c4 c5 3. Nf3 cxd4 4. Nxd4 e5 5. Nb5 d5 6. cxd5 Bc5 7. e3 O-O 8. Be2
a6 9. N5c3 e4 10. a3 Bf5 11. Nd2 Re8 12. b4 Bd6 13. Nc4 b5 14. Nxd6 Qxd6 15. Bb2
Rd8 16. g4 Bg6 17. g5 Nxd5 18. Nxd5 Qxd5 19. Qxd5 Rxd5 20. Rc1 Nd7 21. f4 Bf5
22. Bd4 Rd6 23. Kf2 Be6 24. Rc7 Rd8 25. Rhc1 Nb8 26. Ke1 Bd5 27. Be5 Rc6 28. Rd1
f6 29. gxf6 gxf6 30. Rxc6 Nxc6 31. Bxf6 Rd6 32. Bc3 Ne7 33. Bd4 Bb3 34. Rc1 Nc6
35. Bb2 Kf7 36. h4 Ke7 37. h5 Kd7 38. Rc5 Ne7 39. Bg4+ Ke8 40. Re5 Bc2 41. Bd4 1-0

[Event "XVII Navalmoral Open"]
[Site "Navalmoral de la Mata ESP"]
[Date "2011.12.06"]
[Round "7"]
[White "Asis Gargatagli,H"]
[Black "Moreno Tejera,E"]
[Result "1-0"]
[WhiteTitle "IM"]
[BlackTitle "FM"]
[WhiteElo "2444"]
[BlackElo "2319"]
[WhiteFideId "2260735"]
[BlackFideId "2227584"]
[EventDate "2011.12.03"]

1. e4 c5 2. c3 e6 3. d4 cxd4 4. cxd4 d5 5. e5 Qb6 6. Nf3 Nc6 7. Nc3 Bd7 8. Na4
Bb4+ 9. Bd2 Qa5 10. Nc3 Qb6 11. a3 Be7 12. Na4 Qd8 13. b4 a5 14. b5 Na7 15. Qb3
b6 16. Bd3 h5 17. O-O Nh6 18. Nc3 g6 19. Ne2 Nf5 20. a4 h4 21. g4 hxg3 22. hxg3
Kf8 23. Kg2 Kg7 24. Rh1 Qc7 25. Rac1 Qb7 26. Bg5 Bxg5 27. Nxg5 Nh6 28. Qa3 Nc8
29. Nf4 Ra7 30. Bxg6 fxg6 31. Nfxe6+ Bxe6 32. Nxe6+ Kf7 33. Rxh6 1-0

[Event "XVII Navalmoral Open"]
[Site "Navalmoral de la Mata ESP"]
[Date "2011.12.07"]
[Round "8"]
[White "Fedorchuk,S"]
[Black "Koziak,V"]
[Result "1-0"]
[WhiteTitle "GM"]
[BlackTitle "IM"]
[WhiteElo "2632"]
[BlackElo "2494"]
[WhiteFideId "14102536"]
[BlackFideId "14102234"]
[EventDate "2011.12.03"]

1. e4 e5 2. Nf3 Nc6 3. Bb5 Nf6 4. O-O Nxe4 5. d4 Nd6 6. Bxc6 dxc6 7. dxe5 Nf5 8.
Qxd8+ Kxd8 9. Nc3 Ke8 10. b3 h6 11. Bb2 Be6 12. Ne2 Bd5 13. Nd2 Rd8 14. Rad1 Bb4
15. c3 Be7 16. c4 Be6 17. Ne4 Rd7 18. h3 b5 19. Nf4 bxc4 20. Nxe6 fxe6 21. bxc4
Kd8 22. g4 Nh4 23. f4 Rf8 24. Rxd7+ Kxd7 25. Bc3 Rf7 26. Be1 Ng6 27. Bg3 Nf8 28.
f5 Nh7 29. Kg2 Ng5 30. Rd1+ Kc8 31. Nxg5 Bxg5 32. fxe6 Re7 33. h4 Be3 34. Kf3
Bc5 35. Ke4 Rxe6 36. Kf5 Re7 37. e6 a5 38. h5 a4 39. Bh4 Re8 40. Rd7 Rg8 41. Kg6
Re8 42. Kf7 Rf8+ 43. Kxg7 Rf4 44. Rd8+ Kb7 45. e7 1-0

[Event "XVII Navalmoral Open"]
[Site "Navalmoral de la Mata ESP"]
[Date "2011.12.07"]
[Round "8"]
[White "Perez Mitjans,O"]
[Black "Teske,H"]
[Result "1/2-1/2"]
[WhiteTitle "IM"]
[BlackTitle "GM"]
[WhiteElo "2457"]
[BlackElo "2538"]
[WhiteFideId "3502856"]
[BlackFideId "4611500"]
[EventDate "2011.12.03"]

1. e4 e5 2. Nc3 Nc6 3. g3 Bc5 4. Bg2 d6 5. Nge2 f5 6. d3 Nf6 7. O-O fxe4 8. dxe4
Be6 9. Nd5 Qd7 10. Be3 Bxe3 11. fxe3 O-O 12. c4 Ne7 13. Qd3 Rf7 14. Nxf6+ gxf6
15. Nc3 Raf8 16. Rad1 b6 17. b4 a5 18. bxa5 bxa5 19. Rb1 h5 20. Nd5 h4 21. gxh4
Ng6 22. Rf3 Nxh4 23. Rg3+ Kh8 24. Rb7 Qc8 25. Qb1 c6 26. Ne7 Qe8 27. Nf5 Nxf5
28. exf5 Rxb7 29. Qxb7 Qd7 30. Rh3+ Kg7 31. Rg3+ Kh8 32. Qa6 Bxf5 33. Bxc6 Qc7
34. c5 dxc5 35. Bd5 Bh7 36. Qe6 Qd8 37. h4 Re8 38. Qf7 Rg8 39. Rg2 Qf8 40. Qc7
Rxg2+ 41. Bxg2 a4 42. Qc6 a3 43. Qa6 Qg7 44. Kf2 Qh6 45. h5 Bg8 46. Qxa3 Qxh5
47. Qxc5 Qh4+ 48. Kg1 Bxa2 49. Qc8+ Kg7 50. Qh3 Qg5 51. Kh2 Bf7 52. Qg3 Bh5 53.
Qxg5+ fxg5 54. Kg3 Kf6 55. Kf2 Ke6 56. Ke1 Kd6 57. Be4 Kc5 58. Kd2 Bf7 59. Ke2
Kc4 60. Bf5 Bh5+ 61. Kf2 Kc3 62. Be4 Kd2 63. Bf5 Be2 64. Be4 Bd3 65. Bf3 Bb5 66.
Bg4 Bc4 67. Bf5 Be2 68. Be4 g4 69. Bf5 g3+ 70. Kxg3 Kxe3 71. Bd7 Bd3 72. Be6 Ke2
73. Bd5 1/2-1/2

[Event "XVII Navalmoral Open"]
[Site "Navalmoral de la Mata ESP"]
[Date "2011.12.07"]
[Round "8"]
[White "Del Rio de Angelis,S"]
[Black "Perez Candelario,Man"]
[Result "0-1"]
[WhiteTitle "GM"]
[BlackTitle "GM"]
[WhiteElo "2534"]
[BlackElo "2558"]
[WhiteFideId "2203138"]
[BlackFideId "2210622"]
[EventDate "2011.12.03"]

1. d4 d5 2. c4 e6 3. Nf3 Nf6 4. Nc3 c6 5. g3 dxc4 6. Bg2 b5 7. Ne5 a6 8. O-O Bb7
9. b3 cxb3 10. axb3 Be7 11. Bb2 O-O 12. Ne4 Qb6 13. Qc2 Nfd7 14. Nd3 a5 15. Nec5
b4 16. Rfc1 Ra7 17. Qd2 Ba6 18. Nxa6 Qxa6 19. e4 Rd8 20. Qe3 Qb6 21. Rc4 Qb7 22.
Rc2 Nb6 23. d5 cxd5 24. Bd4 Ra6 25. Rac1 dxe4 26. Rc7 Qxc7 27. Rxc7 Nd5 28. Qc1
Nxc7 29. Qxc7 exd3 30. Qxe7 Rad6 31. Bb6 d2 32. Bf3 d1=Q+ 33. Bxd1 Rxd1+ 34. Kg2
R1d7 35. Qh4 Re8 36. Bxa5 Nc6 37. Bb6 Rb8 38. Be3 Ne7 39. Qe4 h6 40. Bc5 Nd5 41.
Bd4 Re8 42. Qg4 f6 43. Bc5 Rc7 44. Bxb4 Nxb4 45. Qxb4 Ree7 46. h4 Rb7 47. Qc4
Rb6 48. g4 Reb7 49. g5 fxg5 50. hxg5 hxg5 51. Qg4 Kf7 52. Qxg5 Rxb3 53. Qh5+ Kf8
54. Qh8+ Kf7 55. Qh5+ Ke7 56. Qg5+ Kf8 57. Qg6 R3b6 58. Qg5 Rb5 59. Qg6 Re7 60.
f4 Rf5 61. Kg3 Rf6 62. Qe4 Rd7 63. Qb4+ Kf7 64. Qb6 Rd3+ 65. Kg2 Rd5 66. Kg3
Rdf5 67. Qb7+ Kg8 68. Qc8+ Kh7 69. Qc2 g6 0-1

[Event "XVII Navalmoral Open"]
[Site "Navalmoral de la Mata ESP"]
[Date "2011.12.07"]
[Round "8"]
[White "Garcia Ortega Mendez,J"]
[Black "Korneev,O"]
[Result "0-1"]
[WhiteTitle "FM"]
[BlackTitle "GM"]
[WhiteElo "2357"]
[BlackElo "2608"]
[WhiteFideId "2280361"]
[BlackFideId "4156803"]
[EventDate "2011.12.03"]

1. d4 d5 2. c4 e6 3. Nf3 Nf6 4. e3 a6 5. Nc3 dxc4 6. a4 b6 7. Bxc4 Bb7 8. O-O c5
9. Qe2 Nbd7 10. Rd1 Qc7 11. e4 cxd4 12. Nxd4 Bd6 13. g3 Be5 14. f3 O-O 15. Be3
Rac8 16. b3 Qb8 17. Rac1 Bxd4 18. Bxd4 Ne5 19. Bxe5 Qxe5 20. Qe3 Rc5 21. Qd4 Qh5
22. Be2 e5 23. Qd2 h6 24. Na2 Rxc1 25. Rxc1 Qg6 26. Qe3 h5 27. Qxb6 Bc8 28. Bxa6
Bxa6 29. Qxa6 Qg5 30. Qe2 h4 31. g4 Nh5 32. Rd1 Nf4 33. Qd2 Rb8 34. b4 Rc8 35.
b5 Qe7 36. Kh1 Qa3 37. Qf2 Rc2 0-1

[Event "XVII Navalmoral Open"]
[Site "Navalmoral de la Mata ESP"]
[Date "2011.12.07"]
[Round "8"]
[White "Shanava,K"]
[Black "Lalic,B"]
[Result "1-0"]
[WhiteTitle "GM"]
[BlackTitle "GM"]
[WhiteElo "2576"]
[BlackElo "2454"]
[WhiteFideId "13601784"]
[BlackFideId "409081"]
[EventDate "2011.12.03"]

1. e4 c6 2. d4 d5 3. exd5 cxd5 4. c4 Nf6 5. Nc3 Nc6 6. Nf3 Bg4 7. cxd5 Nxd5 8.
Qb3 Nb6 9. d5 Bxf3 10. gxf3 Nd4 11. Bb5+ Nd7 12. Qa4 Nxb5 13. Qxb5 g6 14. O-O
Bg7 15. Re1 O-O 16. Bg5 Bxc3 17. bxc3 f6 18. Bf4 b6 19. Re3 Rc8 20. Rae1 Rf7 21.
c4 Ne5 22. Bxe5 fxe5 23. Rxe5 Qd6 24. Qb3 Qf6 25. R1e4 b5 26. cxb5 Rc1+ 27. Kg2
Rb1 28. Qe3 Rxb5 29. Re6 Qa1 30. Rxe7 Rb1 31. Re8+ Kg7 32. Qd4+ Qxd4 33. Rxd4
Rd7 34. Re6 a5 35. a4 Rb4 36. Rxb4 axb4 37. Rb6 Rxd5 38. Rxb4 h5 39. Rb5 Rd3 40.
Rb8 Kf6 41. Ra8 Rd4 42. a5 Ra4 43. a6 Ra1 44. a7 Kg7 45. h4 Ra2 46. f4 Ra3 47.
f5 gxf5 48. f4 Kh7 49. Kf2 Kg7 50. Ke2 Ra4 51. Kd3 Kh7 52. Kc3 Kg7 53. Kb3 Ra1
54. Kc4 Ra5 55. Kb4 Ra1 56. Kc5 Kh7 57. Kd6 Kg7 58. Ke6 Ra5 59. Rd8 Ra6+ 60. Rd6
Rxa7 61. Rd7+ 1-0